MIKROS, COBOL - 80 příručka operátora

Salvato in:
Dettagli Bibliografici
Natura: Libro
Lingua:ceco
Pubblicazione: Ostrava Kancelářské stroje 1983
Tags: Aggiungi Tag
Nessun Tag, puoi essere il primo ad aggiungerne!!

MARC

LEADER 00000nam a2200000 4500
001 c112721
005 20041019155153.7
041 0 |a cze 
044 |a CZ 
245 1 0 |a MIKROS, COBOL - 80  |b příručka operátora 
264 1 |a Ostrava  |b Kancelářské stroje  |c 1983 
300 |a 49 s.